LEADER 02249nam 22007815u 450 001 9910148800403321 005 20211006145116.0 010 $a9783318049084 010 $a3318049085 035 $a(CKB)3780000000102639 035 $a(OCoLC)1046110442 035 $a(SZ-BaSKA)219594 035 $a(MiAaPQ)EBC31865036 035 $a(Au-PeEL)EBL31865036 035 $a(EXLCZ)993780000000102639 100 $a20211006d1978 uy 0 101 0 $aeng 135 $aurunu||||| 181 $ctxt$2rdacontent 182 $cc$2rdamedia 183 $acr$2rdacarrier 200 10$aMechanisms of Vasodilatation : $eSatellite Symposium to the 27th International Congress of Physiological Sciences, Wilrijk, July 1977 / $f editors, P.M. Vanhoutte, I. Leusen 205 $a1st ed. 210 $aBasel : $cS. Karger, $d1978 215 $a1 online resource (XIV + 308 pages) : $c 94 figures, 9 tables 311 08$a9783805528412 311 08$a3805528418 606 $aPhysiology 606 $aBiochemistry 606 $aCardiovascular System 606 $aCell Biology 606 $aMolecular Biology 606 $aAnatomy 606 $aClinical Chemistry 606 $aCytology 606 $aEmbryology 606 $aGerontology / Geriatrics 606 $aHistology 606 $aLaboratory 606 $aMetabolism 606 $aPharmaceutics 606 $aPharmacology 615 14$aPhysiology 615 14$aBiochemistry 615 14$aCardiovascular System 615 14$aCell Biology 615 14$aMolecular Biology 615 24$aAnatomy 615 24$aClinical Chemistry 615 24$aCytology 615 24$aEmbryology 615 24$aGerontology / Geriatrics 615 24$aHistology 615 24$aLaboratory 615 24$aMetabolism 615 24$aPharmaceutics 615 24$aPharmacology 676 $a599/.01/16 700 $aVanhoutte$b P.M 701 $aVanhoutte$b Paul M$0298936 701 $aLeusen$b I$01230595 712 12$aInternational Congress of Physiological Sciences$d(27th :$f1977 :$eParis, France) 801 0$bUKSKG 801 1$bUKSKG 906 $aBOOK 912 $a9910148800403321 996 $aMechanisms of Vasodilatation$92857118 997 $aUNINA